Score 0/20 Timer 05:00
5 Plays Today
Question Answer Wrong Answers
The Biggest Loser Biggest Loser
94.1%
Top Model
0.6%
Drag Race
0.6%
Project Runway
0.7%
RuPaul’s Drag Race Drag Race
93.8%
Top Model
1.1%
Project Runway
0.7%
Biggest Loser
0.5%
Naked & Afraid Naked & Afraid
93.7%
Big Brother
0.4%
Survivor
1.3%
The Amazing Race
0.6%
The X Factor X Factor
88.6%
The Voice
2%
AGT
4.2%
American Idol
1.4%
The Voice The Voice
87.6%
AGT
2.6%
American Idol
4.5%
X Factor
1.5%
Dancing with the Stars DWTS
87.6%
ABDC
1.5%
World of Dance
3%
SYTYCD
4.1%
America’s Next Top Model Top Model
87.3%
Drag Race
2.1%
Project Runway
6.2%
Biggest Loser
0.6%
The Amazing Race The Amazing Race
85.4%
Big Brother
4.4%
Survivor
3.2%
Naked & Afraid
3.2%
America’s Best Dance Crew ABDC
84%
DWTS
4.4%
World of Dance
4.3%
SYTYCD
3.3%
American Ninja Warrior American Ninja Warrior
82.6%
Fear Factor
2.1%
Cannonball
6.6%
Wipeout
4.8%
Big Brother Big Brother
82.2%
Survivor
3.5%
The Amazing Race
7.6%
Naked & Afraid
2.9%
America’s Got Talent AGT
79.9%
The Voice
2.6%
American Idol
6.4%
X Factor
7.4%
Wipeout Wipeout
79.6%
American Ninja Warrior
1.8%
Fear Factor
5.2%
Cannonball
9.6%
Survivor Survivor
78.9%
Big Brother
0.4%
The Amazing Race
0.8%
Naked & Afraid
16.1%
Fear Factor Fear Factor
72.9%
American Ninja Warrior
6.5%
Cannonball
12.1%
Wipeout
4.5%
Project Runway Project Runway
72.9%
Top Model
18.2%
Drag Race
3.8%
Biggest Loser
1.3%
American Idol American Idol
72.8%
The Voice
1.3%
AGT
16.6%
X Factor
5.6%
Cannonball Cannonball
68.5%
American Ninja Warrior
6.1%
Fear Factor
7.6%
Wipeout
13.8%
So You Think You Can Dance SYTYCD
49.6%
DWTS
14.7%
ABDC
16%
World of Dance
15.9%
World of Dance World of Dance
47%
DWTS
9.9%
ABDC
28.3%
SYTYCD
11%
Remove Ads.
Support Sporcle.
Get the best of Sporcle when you Go Orange. This ad-free experience offers more features, more stats, and more fun while also helping to support Sporcle. Thank you for becoming a member.

You're not logged in!

Compare scores with friends on all Sporcle quizzes.
OR
Log In

Show Comments

Extras

Top Quizzes Today


Score Distribution

Your Account Isn't Verified!

In order to create a playlist on Sporcle, you need to verify the email address you used during registration. Go to your Sporcle Settings to finish the process.

Report this User

Report this user for behavior that violates our Community Guidelines.

Details: